000 00287 a2200121 4500
001 76316
005 20260416140202.0
010 _a972-747-166-8
090 _a76316
100 _a20260416 pory50
200 _aLírica (antologia)
_fLuís de Camões
210 _cRBA Editores
_d1996
942 _cMON